Elenca la formazione - Quiz n°53 - Statistics

Statistiche generali
  • Questo quiz è stato fatto 83 volte
  • Il punteggio medio è 9 su 11
Statistiche sulle risposte
Ruolo Nazione Calciatore % Corretto
Portiere Brasile Alisson
97%
Attaccante Egitto Mohamed Salah
97%
Attaccante Senegal Sadio Mané
97%
Difensore Paesi Bassi Virgil van Dijk
97%
Attaccante Brasile Roberto Firmino
94%
Difensore Scozia Andrew Robertson
90%
Centrocampista Brasile Fabinho
79%
Centrocampista Paesi Bassi Georginio Wijnaldum
74%
Centrocampista Inghilterra James Milner
71%
Difensore Inghilterra Joe Gomez
63%
Difensore Galles Neco Williams
35%
Nessun quiz corrispondente trovato
Distribuzione punteggi
Percentuale di utenti per punteggio
Percentile per numero di risposta
I tuoi punteggi nel tempo
Non hai fatto questo quiz